000 01141nam a2200313 i 4500
003 EG-GICUC
005 20260204071223.0
008 260119s1977 ua ||||fr|||| 00| 0 ara d
040 _a EG-GICUC
_bara
_c EG-GICUC
_d EG-GICUC
_erda
041 0 _aara
082 0 4 _221
_a345.250567
_bع ل . ح
092 0 4 _221
099 _aLaw1 07 345.250567 ع ل . ح 1977
100 0 _aعلي مهدي حيدر
_eمؤلف.
245 1 2 _aالحكم الذاتي في الجمهورية العراقية /
_cإعداد علي مهدي حيدر
264 _aالقاهرة:
_bالمنظمة العريبة للعلوم الإدارية ،
_c1977.
300 _a38؛صفحة
_c24 سم
336 _2rda content
_atext
337 _2rda media
_aComputer
338 _2rda carrier
_aOnline Resource
504 _aيشتمل على إرجاعات ببليوجرافية.
546 _aالنص باللغة العربية
650 1 _aالقانون الإداري
_2qrmak
650 1 _aالحكم المحلي
651 1 _2qrmak
856 4 0 _uhttps://fll.law.cu.edu.eg/fulltext/bks/B07-01329.pdf
905 _a74
942 _2ddc
_n0
_cBK
_e21
999 _c57789
_d57789